Girl Names Then & Now A-Z - USA - Statistics

General Stats
  • This quiz has been taken 535 times
  • The average score is 15 of 50
Answer Stats
1920 Answer % Correct
M - #1 Mary
75%
O - #1 Olivia
72%
A - #10 Anna
70%
E - #8 Elizabeth
65%
E - #2 Emma
64%
I - #7 Isabella
58%
S - #50 Sarah
53%
C - #4 Charlotte
50%
V - #34 Victoria
49%
A - #3 Ava
48%
C - #21 Catherine
44%
K - #45 Katherine
44%
F - #9 Frances
43%
B - #11 Betty
40%
H - #3 Helen
38%
S - #5 Sophia
38%
D - #2 Dorothy
37%
Q - #85 Quinn
36%
M - #8 Mia
32%
P - #25 Penelope
32%
R - #5 Ruth
32%
Z - #32 Zoey
32%
N - #30 Nora
31%
I - #17 Irene
29%
W - #48 Willow
27%
H - #10 Harper
24%
Q - #446 Queen
24%
J - #28 Josephine
23%
J - #86 Josephine
23%
F - #136 Faith
21%
Y - #247 Yvonne
21%
G - #12 Gianna
20%
V - #7 Virginia
20%
R - #33 Riley
19%
D - #69 Delilah
18%
L - #18 Lillian
18%
T - #161 Taylor
17%
B - #54 Brooklyn
16%
L - #14 Luna
16%
G - #22 Gladys
15%
P - #36 Pauline
15%
X - #129 Ximena
13%
N - #69 Norma
12%
O - #101 Opal
12%
U - #501 Una
12%
K - #59 Kinsley
8%
T - #31 Thelma
6%
W - #74 Willie
5%
Y - #505 Yaretzi
5%
Z - #308 Zelma
4%
No matching quizzes found
Score Distribution
Percent of People with Each Score
Percentile by Number Answered
Your Score History
You have not taken this quiz